000 00386nmm a2200145Ia 4500
008 251105s9999||||xx |||||||||||||||||und||
041 _aspa
100 _aGardner, Darlene
245 0 _aCalor de invierno
264 _a[Madrid, España] :
_bHarlequin,
_c2012
300 _a96 páginas
650 _aRomance
856 _uhttps://public.digitaliapublishing.com/a/32686
942 _cCF
999 _c104578
_d104578